Catálogo
 En Linea

Discurso ideológico e identidad dominicana. / (Registro nro. 45978)

Detalles MARC
000 -CABECERA
campo de control de longitud fija 00584nam a2200181 a 4500
001 - NÚMERO DE CONTROL
campo de control 000046489
005 - FECHA Y HORA DE LA ÚLTIMA TRANSACCIÓN
campo de control 20210324134616.0
008 - DATOS DE LONGITUD FIJA--INFORMACIÓN GENERAL
campo de control de longitud fija 150819s2015 dr r 000 0 spa d
020 ## - NÚMERO INTERNACIONAL ESTÁNDAR DEL LIBRO
Número Internacional Estándar del Libro 9789945166835
040 ## - FUENTE DE LA CATALOGACIÓN
Centro catalogador/agencia de origen DO-SdBNP
Lengua de catalogación spa
Centro/agencia transcriptor BNPHU
082 ## - NÚMERO DE LA CLASIFICACIÓN DECIMAL DEWEY
Número de clasificación xxxx
Número de documento/Ítem xxxx
100 1# - ENTRADA PRINCIPAL--NOMBRE DE PERSONA
Nombre de persona Pérez M., Diomarys A.
9 (RLIN) 74486
245 10 - MENCIÓN DE TÍTULO
Título Discurso ideológico e identidad dominicana. /
Mención de responsabilidad, etc. Diomarys A. Pérez M. : prólogo Gerardo Roa Ogando.
260 ## - PUBLICACIÓN, DISTRIBUCIÓN, ETC.
Lugar de publicación, distribución, etc. Santo Domingo :
Nombre del editor, distribuidor, etc. Búho,
Fecha de publicación, distribución, etc. 2015.
300 ## - DESCRIPCIÓN FÍSICA
Extensión 354 p. ;
Dimensiones 23 cm.
590 ## - NOTA LOCAL (RLIN)
Nota local Inventariado, 2018/BT
700 12 - PUNTO DE ACCESO ADICIONAL--NOMBRE DE PERSONA
Nombre de persona Roa Ogando, Gerardo
Término indicativo de función/relación prol.
9 (RLIN) 74487
Existencias
Estado de retiro Estado de pérdida Restricciones de uso No para préstamo Código de colección Localización permanente Ubicación/localización actual Ubicación en estantería Fecha de adquisición Número de inventario Total de préstamos Signatura topográfica completa Código de barras Fecha visto por última vez Número de copia Precio válido a partir de Tipo de ítem Koha Nota pública
        Dominicana de Servicio General General Depósito 19.08.2015 LF1   xxxx xxxx 46489-30 25.06.2020 e. 3 25.06.2020 Libro y Folleto Colección Dominicana de Servicio Dedicado
      Excluido de préstamo Patrimonio Dominicano General General Depósito 17.08.2018 LF1   xxxx xxxx 46489-40 25.06.2020   25.06.2020 Libro y Folleto Colección Patrimonio Dominicano  
      Excluido de préstamo Patrimonio Dominicano General General Depósito 17.08.2018 LF1   xxxx xxxx 46489-50 25.06.2020   25.06.2020 Libro y Folleto Colección Patrimonio Dominicano  
      Excluido de préstamo Patrimonio Dominicano Patrimonio Dominicano Patrimonio Dominicano Depósito 19.08.2015 LF1   xxxx xxxx 46489-10 25.06.2020   25.06.2020 Libro y Folleto Colección Patrimonio Dominicano Dedicado.
      Excluido de préstamo Patrimonio Dominicano Patrimonio Dominicano Patrimonio Dominicano Depósito 19.08.2015 LF1   xxxx xxxx 46489-20 25.06.2020 e. 2 25.06.2020 Libro y Folleto Colección Patrimonio Dominicano Dedicado.

Con tecnología Koha